Culture Générale - Série 2547 - Statistiques

Statistiques générales
  • Ce quiz a été pris 121 fois
  • Le résultat moyen est 4 sur 10
Statistiques - réponses
Question Réponse % Correct
De quel pays Dodoma est-elle la capitale ? Tanzanie
56%
Ensemble des mots en usage dans une science, un art, ou relatifs à un sujet donné, présentés selon une classification méthodique -12 lettres commençant par " n " nomenclature
54%
Quelle actrice française est la mère de l'actrice Eva Green ? voir photo Marlène Jobert
52%
Quel acteur devenu cinéaste a réalisé les westerns "Impitoyable" en 1992 et "Pale Rider" en 1985? prénom et nom Clint Eastwood
50%
Quelle actrice était surnommée "L'ange bleu" ? prénom et nom Marlene Dietrich
48%
Désastreux, catastrophique - 10 lettres commençant par " c " calamiteux
34%
Quelle actrice était surnommée "La divine" ? prénom et nom Greta Garbo
31%
Qui est fait de parties de styles différents - Composé d'éléments variés peu homogènes hétéroclite
30%
Se dit de jumeaux provenant de deux œufs différents dizygote
27%
Plante originaire d'Amérique, que l'on cultive pour ses tubercules alimentaires, et qui rappellent les pommes de terre - aussi appelé artichaut de Jérusalem, truffe du Canada ou soleil vivace topinambour
22%
Aucun quiz correspondant
Distribution des résultats
% des personnes avec chaque résultat
Percentile par nombre de réponses
Votre historique - résultats
Vous n’avez pas pris ce quiz